00193pam a2200109 a 4500020000500000041000500005100001400010245002900024260000900053300000800062653001300070 c h aM. Jacobs aThe Tropical Rain Forest c1981 a295 aForestry